000 00603nam a2200241Ia 4500
003 OSt
005 20220924153437.0
006 a|||||r|||| 00| 0
007 ta
008 220923b |||||||| |||| 00| 0 tam d
024 _a350246
037 _cTextual
040 _aARTS
_cARTS
_btam
041 _2tam
_atam
082 _aO31k, M9
100 _aGopalan P. Au.
_9228846
245 0 _aTamil eilakkiya kalai chol agarathi
260 _c1989
300 _a256p.
_ccm.
650 _aTAMIL LITERATURE
942 _hO31k, M9
_cTEXL
_2CC
999 _c473637
_d473637